Euroregiony v České republice komparativní analýza
Vymedzenie pojmu euroregión. Euroregión v Českej republike. Vývoj euroregiónu. História euroregiónov v Českej republike. Právne postavenie a členstvo v euroregióne. Veľkosť a rozloha euroregiónov. Organizačná štruktúra a zameranie euroregiónov.
Saved in:
| Main Author: | |
|---|---|
| Format: | Book Chapter |
| Language: | Czech |
| Subjects: | |
| Tags: |
No Tags, Be the first to tag this record!
|
MARC
| LEADER | 00000naa$a2200000$$$4500 | ||
|---|---|---|---|
| 001 | 0111713 | ||
| 005 | 20231127115411.7 | ||
| 041 | 0 | |a cze | |
| 044 | |a CZ | ||
| 245 | 1 | 0 | |a Euroregiony v České republice komparativní analýza |c Pavel Branda |
| 520 | |a Vymedzenie pojmu euroregión. Euroregión v Českej republike. Vývoj euroregiónu. História euroregiónov v Českej republike. Právne postavenie a členstvo v euroregióne. Veľkosť a rozloha euroregiónov. Organizačná štruktúra a zameranie euroregiónov. | ||
| 610 | 2 | 0 | |a analýza komparatívna |
| 610 | 2 | 0 | |a euroregióny |
| 610 | 2 | 0 | |a štruktúra organizačná |
| 610 | 2 | 0 | |a Česko |
| 610 | 2 | 0 | |a financovanie |
| 100 | 1 | |a Branda, Pavel | |